BIBLIOTECA

SENCICO

Caravaggio : (Registro nro. 3849)

Detalles MARC
000 -LEADER
fixed length control field 00750nam a22002417a 4500
003 - CONTROL NUMBER IDENTIFIER
control field PE SENCICO BE
005 - DATE AND TIME OF LATEST TRANSACTION
control field 20251020182627.0
008 - FIXED-LENGTH DATA ELEMENTS--GENERAL INFORMATION
fixed length control field 230222b |||||||| |||| 00| 0 eng d
020 ## - INTERNATIONAL STANDARD BOOK NUMBER
International Standard Book Number 978-3-8365-6284-3
040 ## - CATALOGING SOURCE
Original cataloging agency PE SENCICO BE
Transcribing agency PE SENCICO BE
041 ## - LANGUAGE CODE
Language code of text/sound track or separate title spa
082 ## - DEWEY DECIMAL CLASSIFICATION NUMBER
Classification number 759.5
Item number S28
100 1# - MAIN ENTRY--PERSONAL NAME
9 (RLIN) 681
Personal name Schutze, Sebastian
Relator term autor
245 1# - TITLE STATEMENT
Title Caravaggio :
Remainder of title obra completa /
Statement of responsibility, etc. Sebastian Schutze
250 ## - EDITION STATEMENT
Edition statement [1a ed.]
260 ## - PUBLICATION, DISTRIBUTION, ETC.
Place of publication, distribution, etc. s. l. :
Name of publisher, distributor, etc. Taschen,
Date of publication, distribution, etc. s.a.
300 ## - PHYSICAL DESCRIPTION
Extent 515 p. :
Other physical details il. col., fotog.,
Dimensions 20 cm.
600 10 - SUBJECT ADDED ENTRY--PERSONAL NAME
9 (RLIN) 684
Personal name Caravaggio, Michelangelo Merisi da
Dates associated with a name 1573-1610
650 14 - SUBJECT ADDED ENTRY--TOPICAL TERM
9 (RLIN) 682
Topical term or geographic name entry element Pintores
650 24 - SUBJECT ADDED ENTRY--TOPICAL TERM
9 (RLIN) 683
Topical term or geographic name entry element Pintura renacentista
910 ## - USER-OPTION DATA (OCLC)
-- hfp
-- hfp
942 ## - ADDED ENTRY ELEMENTS (KOHA)
Source of classification or shelving scheme Dewey Decimal Classification
Koha item type Libros
Classification part 759.5
Item part S28
Existencias
Fecha de la última vez que lo usaron Número de ingreso o de inventario Pago total Signatura topográfica completa Precio efectivo desde Tipo de documento Estado perdido Sistema de clasificación Estado dañado No es para préstamo Retirado Ubicación permanente Ubicación actual Fecha de adquisición
22/02/2023 16578   759.5/S28 22/02/2023 Libros   Dewey Decimal Classification       Biblioteca Central Lima Biblioteca Central Lima 22/02/2023